Gothic art (Record no. 147877)
[ view plain ]
| 000 -LEADER | |
|---|---|
| fixed length control field | 01313nam a2200349 a 4500 |
| 100 1# - MAIN ENTRY--AUTHOR NAME | |
| Personal name | Charles, Victoria. |
| 245 10 - TITLE STATEMENT | |
| Title | Gothic art |
| 260 ## - PUBLICATION, DISTRIBUTION, ETC. (IMPRINT) | |
| Place of publication | New York : |
| Name of publisher | Parkstone International, |
| Year of publication | [2012?] |
| 300 ## - PHYSICAL DESCRIPTION | |
| Number of Pages | 199 p. : |
| Other physical details | col. ill. |
| 490 1# - SERIES STATEMENT | |
| Series statement | Art of century collection |
| 650 #0 - SUBJECT ADDED ENTRY--TOPICAL TERM | |
| Topical Term | Art, Gothic. |
| Topical Term | Architecture, Gothic. |
| Topical Term | Art, Gothic |
| Topical Term | Architecture, Gothic |
| 700 1# - ADDED ENTRY--PERSONAL NAME | |
| Personal name | Carl, Klaus H. |
| 856 40 - ELECTRONIC LOCATION AND ACCESS | |
| Uniform Resource Identifier | http://site.ebrary.com/lib/rucke/Doc?id=10532426 |
No items available.
